000 nam a22 a 4500
999 _c188507
_d188507
003 BLK
005 20230504104221.0
008 180411b bul|||||r ||||||| ||bul||
010 _aKNG00197525000
020 _a954-428-041-3
040 _aBLK
041 _aBUL
_cBUL
080 _aАмериканска литература (на САЩ)
_b821.111(73)
_x-31
_z821.111(73)-31
100 1 _aХеър-Сарджънт, Лин
_eпърви автор
_9136928
139 _aХеър-Сарджънт, Лин
_bХ 46
245 1 0 _aХ. Завръщането на Хийтклиф
_bРоман
_cЛин Хеър-Сарджънт; прев. от англ. Вера Георгиева.
257 _aUSA
260 _aСофия
_bХемус
_c1993
300 _a268 с.
_c22 см
380 _aX
500 _aОриг. загл. H. the story of heathcliff's journey back to wuthering heights / Lin Haire-Sargeant. - Кн. е продълж. на Брулени хълмове от Емили Бронте.
700 1 _aГеоргиева, Вера
_eпрев. от англ.
_9363925
852 _aЦб 174481
_bЦб
856 4 _qpdf
_i0.00
_ldisable
856 4 _qpdf
_i0.00
_ldisable
942 _cKNG
_n0
_s1
944 _aCR
_c06.12.2016
_kВаля_Йорданова
944 _aED
_c06.12.2016
_kВаля_Йорданова
999 _d188507